APAH - Global Contemporary Attribution - Statistics

General Stats
  • This quiz has been taken 9 times
    8 since last reset
  • The average score is 7 of 20
Answer Stats
Picture Hint Answer % Correct
Untitled Film Still #335 Cindy Sherman
100%
Peter B. Lewis Building in Cleveland, Ohio Frank Gehry
100%
Untitled Jean-Michel Basquiat
100%
Untitled Jean-Michel Basquiat
100%
Balloon Dog (Magenta) Jeff Koons
100%
Untitled Kara Walker
100%
Girl with Roses and Bird Kiki Smith
100%
Reflecting Absence Maya Lin (prom. member)
100%
Guangzhou Opera House Zaha Hadid
100%
Nantes Triptych Bill Viola
67%
Michael Jackson and Bubbles Jeff Koons
67%
Room Enough to Enter Kiki Smith
67%
Tree Song Su-nam
67%
Ghosts Pounding the Wall Xu Bing
67%
Untitled Film Still #21 Cindy Sherman
50%
Noviembre 6 y 7 Doris Salcedo
50%
August Encampment Jaune Quick-to-See Smith
50%
Boy and Dog in a Johnnypump Jean-Michel Basquiat
50%
El Chandelier Pepón Osorio
50%
How to Blow Up Two Heads at Once (Ladies) Yinka Shonibare
50%
Diaspora El Anatsui
40%
Emu Woman Emily Kame Kngwarreye
33%
I See Red: Target Jaune Quick-to-See Smith
33%
Zero Canyon (a dissimulation) Julie Mehretu
33%
Last Departure Mariko Mori
33%
Memorial gateway to the RSA cemetery in Rarotonga Michel Tuffery (and Mike Tavioni)
33%
The Emancipation Approximation (Scene #18) Kara Walker
25%
Golden Buddha Nam June Paik
25%
Dropping a Han Dynasty Urn Ai Weiwei
0%
Map of China Ai Weiwei
0%
Remembering (“She Lived Happily on This Earth for Seven Years”) Ai Weiwei
0%
An Ocean Without a Shore Bill Viola
0%
Umbrellas Christo and Jeanne-Claude
0%
Surrounded Islands Christo and Jeanne-Claude
0%
Transit El Anatsui
0%
The Alhalkere suite Emily Kame Kngwarreye
0%
Tar Beach 2 Faith Ringgold
0%
Who's Afraid of Aunt Jemima? Faith Ringgold
0%
Sunflowers Quilting Bee at Arles Faith RInggold
0%
Walt Disney Concert Hall Frank Gehry
0%
Retopistics: A Renegade Excavation Julie Mehretu
0%
Nierozpoznani "The Unrecognized Ones" Magdalena Abakanowicz
0%
The Group of 5 With Arms Magdalena Abakanowicz
0%
Burning Desire Mariko Mori
0%
Asiasi (Yellowfin) II Michel Tuffery
0%
TV Is Kitsch Nam June Paik
0%
Scene of the Crime (Whose Crime?) Pepón Osorio
0%
Stories of Martyrdom Shirin Neshat
0%
Faezeh Shirin Neshat
0%
Diamond Mountains Song Su-nam
0%
WaterSpirit washed Pelican Wangechi Mutu
0%
Histology of the Different Classes of Uterine Tumors Wangechi Mutu
0%
Phoenix Xu Bing
0%
Book from the Ground Pop-up Book Xu Bing
0%
Scramble for Africa Yinka Shonibare
0%
Sandcrawler Zaha Hadid
0%
No matching quizzes found
Score Distribution
Percent of People with Each Score
Percentile by Number Answered
Your Score History
You have not taken this quiz since the last reset